All About Morgan Quiz Stats

 Plays Quiz not verified by Sporcle

Challenge
Share
Tweet
Embed
Score 0/20 Timer 05:00
0 Plays Today
Question Answer % Correct
What kind of pet does Morgan hope to get in the spring?dog
94.1%
How many siblings does Morgan have?3
91.2%
What is Morgan's favorite activity involving water?swimming
91.2%
What kind of pet does Morgan have?cat
91.2%
What is Morgan's favorite flavor of ice cream?mint chocolate chip
88.2%
What animal is included as part of their band's name?chicken
85.3%
How many letters are in Morgan's last name?9
85.3%
What musical instrument does Morgan play?drums
82.4%
Morgan is in a band with what other fifth grader?Spencer
82.4%
Which room at school does Morgan spend the most time in as a fifth grader?301
79.4%
Question Answer % Correct
What country does Morgan most want to visit?Japan
79.4%
Which room at school did Morgan spend the most time in as a fourth grader?217
76.5%
What is the name of that pet?Buster
76.5%
What does Morgan want to name that pet?Tank
73.5%
What is Morgan's favorite food to eat for dinner?ravioli
67.6%
What is Morgan's favorite book?Wonder
67.6%
When is Morgan's birthday (month and date)?January 30
64.7%
What food is included as part of their band's name?rice
61.8%
What is Morgan's favorite dessert?root beer float
55.9%
What is Morgan's favorite TV show?Pawn Stars
50%

You're not logged in!

Compare scores with friends on all Sporcle quizzes.
OR
Log In

You Might Also Like...

Show Comments

Extras

Created Dec 12, 2012ReportNominate
Tags:morgan

Top Quizzes Today


Score Distribution

Your Account Isn't Verified!

In order to create a playlist on Sporcle, you need to verify the email address you used during registration. Go to your Sporcle Settings to finish the process.

Report this User

Report this user for behavior that violates our Community Guidelines.

Details: